| 000 | 01063cam a2200457 4500 | ||
|---|---|---|---|
| 001 | J106980 | ||
| 008 | 000000n2000 000 0 eng u | ||
| 035 | _a(Sirsi) u106980 | ||
| 050 | _a333.337094 | ||
| 110 | _aDTZ | ||
| 245 | _aEuropean property - obligations of occupation 2000 | ||
| 260 |
_aLondon _bDTZ _c2000 |
||
| 300 | _a6p ; 30cm | ||
| 650 | _aEUROPE | ||
| 650 | _aNON-RESIDENTIAL PROPERTY | ||
| 650 | _aPURCHASING | ||
| 650 | _aLEASING | ||
| 650 |
_aLANDLORD AND TENANT _96252 |
||
| 650 | _aAUSTRIA | ||
| 650 | _aBELGIUM | ||
| 650 | _aCZECH REPUBLIC | ||
| 650 | _aFRANCE | ||
| 650 | _aGERMANY | ||
| 650 | _aGREECE | ||
| 650 | _aHUNGARY | ||
| 650 | _aIRELAND | ||
| 650 | _aITALY | ||
| 650 | _aNETHERLANDS | ||
| 650 | _aPOLAND | ||
| 650 | _aPORTUGAL | ||
| 650 | _aRUSSIA | ||
| 650 | _aSPAIN | ||
| 650 | _aSWEDEN | ||
| 650 | _aTURKEY | ||
| 650 | _aUKRAINE | ||
| 650 | _aUNITED KINGDOM | ||
| 650 | _aUNITED STATES | ||
| 690 | _aPROPERTY-COMMERCIAL PROPERTY | ||
| 856 | _uhttps://www.dtz.com | ||
| 942 | _n0 | ||
| 999 |
_c100648 _d100648 |
||